| 000 | 01043nac a22003377a 4500 | ||
|---|---|---|---|
| 001 | BR8502348 | ||
| 003 | BR-BrBNA | ||
| 005 | 20240105120318.0 | ||
| 008 | 230509b bl.|||m| |||| 00| 0 por d | ||
| 040 |
_aBR-BrBNA _bpor _cBiblioteca Nacional de Agricultura |
||
| 072 | _aH20 | ||
| 090 | _a1116 BR8502348 | ||
| 100 | 1 | _aRibeiro, I.J.A. | |
| 100 | 1 | _aSugimori, M.H. | |
| 100 | 1 | _aRodrigues Neto, J. | |
| 100 | 1 | _aYamashiro, T. | |
| 100 | 1 | _aPiza Junior, C. de T. | |
| 100 | 1 | _aPrates, H.S. | |
| 100 | 1 | _aFrediani, A.J. | |
| 110 | 1 | _aCoordenadoria de Assistencia Tecnica Integral, Campinas, SP (Brasil) | |
| 245 | 1 | _aA bacteriose da goiabeira [Sao Paulo, Brasil] | |
| 260 | 3 |
_aCampinas, SP (Brasil): _c1985. |
|
| 300 | _a3 p. | ||
| 490 |
_aComunicado Tecnico - Coordenadoria de Assistencia Tecnica Integral (Brazil) _vno. 58 _xISSN 0100-3607 |
||
| 650 | _aGOIABA | ||
| 650 | _aBACTERIA | ||
| 650 | _aCONTROLE QUIMICO | ||
| 650 | _aFUNGICIDA | ||
| 909 |
_a202312 _bLúcia Elande _c55 _dLúcia Elande |
||
| 942 |
_2AGRIS _n0 _cMS |
||
| 999 |
_c278809 _d278809 |
||